000 00209nam a22000857a 4500
008 170511b xxu||||| |||| 00| 0 eng d
100 _93106
_aJauhar.S.P.
245 _aABC of Science Chemistry-X
260 _aNew Delhi
999 _c6393
_d6393